000
00214nam a22000857a 4500
008
160921b xxu||||| |||| 00| 0 eng d
100
_9
691
_a
CBSE
245
_a
APC Digest Hindi
260
_a
New Delhi
_b
APC publication
_c
2011
999
_c
3348
_d
3348